|
|
|
|
| LEADER |
00000nas a22000007a 4500 |
| 001 |
ssj0000465081 |
| 003 |
WaSeSS |
| 005 |
20200512172242.0 |
| 006 |
m d |
| 007 |
cr n |
| 008 |
000629d20002013coumr p s 0 a0eng c |
| 010 |
|
|
|a 00214951
|
| 022 |
|
|
|l 1530-874X
|y 1530-874X
|
| 035 |
|
|
|a (WaSeSS)ssj0000465081
|
| 037 |
|
|
|b Wiesner Publishing Co., 7009 S. Potomac St., Suite 200, Englewood, CO 80112
|c $24.95
|
| 040 |
|
|
|a NSD
|b eng
|c NSD
|d OCLCQ
|d DLC
|d AU@
|d OCLCF
|d WaSeSS
|
| 042 |
|
|
|a pcc
|a nsdp
|
| 082 |
1 |
0 |
|a 332
|2 13
|
| 210 |
0 |
|
|a Sr. mark. advis.
|
| 222 |
|
0 |
|a Senior market advisor
|
| 245 |
0 |
0 |
|a Senior market advisor
|h [electronic resource].
|
| 260 |
|
|
|a Englewood, CO :
|b Wiesner Pub. Co., LLC
|
| 310 |
|
|
|a Monthly
|
| 362 |
1 |
|
|a Began in 2000; ceased in 2013.
|
| 506 |
|
|
|a License restrictions may limit access.
|
| 588 |
|
|
|a Description based on: Vol. 2, issue 6 (June 2001); title from cover.
|
| 655 |
|
0 |
|a Electronic journals.
|
| 785 |
0 |
0 |
|t Retirement advisor
|x 2332-6735
|w (DLC) 2013274114
|w (OCoLC)865185857
|
| 856 |
4 |
0 |
|z Full text available from Research Library: 01/01/2006 to 2013
|u https://search.proquest.com/publication/196183
|